<?xml version="1.0" encoding="UTF-8"?>
<record
    xmlns:xsi="http://www.w3.org/2001/XMLSchema-instance"
    xsi:schemaLocation="http://www.loc.gov/MARC21/slim http://www.loc.gov/standards/marcxml/schema/MARC21slim.xsd"
    xmlns="http://www.loc.gov/MARC21/slim">

  <leader>02893cam a22003614a 4500</leader>
  <controlfield tag="001">16492164</controlfield>
  <controlfield tag="003">ASAB</controlfield>
  <controlfield tag="005">20180827062610.0</controlfield>
  <controlfield tag="008">101006s2010    gw a     b    000 0 eng d</controlfield>
  <datafield tag="010" ind1=" " ind2=" ">
    <subfield code="a">  2010455973</subfield>
  </datafield>
  <datafield tag="020" ind1=" " ind2=" ">
    <subfield code="a">3-924774-59-5</subfield>
  </datafield>
  <datafield tag="020" ind1=" " ind2=" ">
    <subfield code="a">3-924774-59-5</subfield>
  </datafield>
  <datafield tag="035" ind1=" " ind2=" ">
    <subfield code="a">(OCoLC)ocn630453519</subfield>
  </datafield>
  <datafield tag="040" ind1=" " ind2=" ">
    <subfield code="a">BTCTA</subfield>
    <subfield code="b">eng</subfield>
    <subfield code="c">ASAB</subfield>
    <subfield code="d">OHX</subfield>
    <subfield code="d">EYM</subfield>
    <subfield code="d">GWL</subfield>
    <subfield code="d">DLC</subfield>
  </datafield>
  <datafield tag="042" ind1=" " ind2=" ">
    <subfield code="a">lccopycat</subfield>
  </datafield>
  <datafield tag="043" ind1=" " ind2=" ">
    <subfield code="a">e------</subfield>
  </datafield>
  <datafield tag="050" ind1="0" ind2="0">
    <subfield code="b">.D54 2010</subfield>
  </datafield>
  <datafield tag="100" ind1=" " ind2=" ">
    <subfield code="a">christian hoffman</subfield>
    <subfield code="9">1495</subfield>
  </datafield>
  <datafield tag="245" ind1="0" ind2="0">
    <subfield code="a">HIV medicine 2007</subfield>
  </datafield>
  <datafield tag="300" ind1=" " ind2=" ">
    <subfield code="a">818 p. :</subfield>
    <subfield code="b">ill. ;</subfield>
    <subfield code="c">23 cm.</subfield>
  </datafield>
  <datafield tag="490" ind1="1" ind2=" ">
    <subfield code="a">Schriftenreihe des Zentrums f&#xFC;r Europ&#xE4;ische Rechtspolitik an der Universit&#xE4;t Bremen, ZERP ;</subfield>
    <subfield code="v">Bd. 58</subfield>
  </datafield>
  <datafield tag="500" ind1=" " ind2=" ">
    <subfield code="a">"This volume makes two things available to the public: the editor's legal expert opinion commissioned by the German Ministry of Health in early 2008 ... and the proceedings of a conference organised to discuss the opinion's findings in Bremen on 9-10 October 2008"--P. 9.</subfield>
  </datafield>
  <datafield tag="504" ind1=" " ind2=" ">
    <subfield code="a">Includes bibliographical references.</subfield>
  </datafield>
  <datafield tag="505" ind1="0" ind2="0">
    <subfield code="a">General political and economic conditions affecting access to life-saving medicines in the enlarged European Union / Ortwin Schulte -- Differential pricing of patent-protected pharmaceuticals for life-threatening infectious-diseases inside Europe : can compulsory licenses be employed? / Christine Godt -- Community exhaustion : does European law allow for flexibility? / Werner Schroeder -- European competition law, community-wide exhaustion and compulsory licenses : disintegrating the internal market in the public interest / Hans Ullrich -- Differential pricing : piercing of fostering the IP incentive for public health? / Geertui van Overwalle -- Price differentiation and the conundrum of exhausting principles / Heinz Goddar -- Lessons to be learned in Europe from the international discourse on patents and public health / Jerome H. Reichman -- Differential pricing of pharmaceuticals : lessons from economic theory / Sabine Richard -- Pharmaceutical pricing policy in a global market : cross-border impact on the availability and prices / Val&#xE9;rie Paris -- Protection and regulation of pharmaceutical in Bulgaria / Nadia Ianeva -- Intellectual property rights and access to HIV medicines in Estonia / Aleksei Kelli -- Research incentives from a public health perspective : the role of public funded research / Christian Wagner-Ahlfs.</subfield>
  </datafield>
  <datafield tag="650" ind1=" " ind2="0">
    <subfield code="a">Drugs</subfield>
    <subfield code="x">Law and legislation</subfield>
    <subfield code="z">European Union countries.</subfield>
    <subfield code="9">1496</subfield>
  </datafield>
  <datafield tag="650" ind1=" " ind2="0">
    <subfield code="a">Drugs</subfield>
    <subfield code="x">Prices</subfield>
    <subfield code="z">European Union countries.</subfield>
    <subfield code="9">1497</subfield>
  </datafield>
  <datafield tag="650" ind1=" " ind2="0">
    <subfield code="a">Drugs</subfield>
    <subfield code="v">Patents.</subfield>
    <subfield code="9">1498</subfield>
  </datafield>
  <datafield tag="650" ind1=" " ind2="0">
    <subfield code="a">Compulsory licensing of patents</subfield>
    <subfield code="z">European Union countries.</subfield>
    <subfield code="9">1499</subfield>
  </datafield>
  <datafield tag="650" ind1=" " ind2="0">
    <subfield code="a">Pharmaceutical industry</subfield>
    <subfield code="z">European Union countries.</subfield>
    <subfield code="9">1500</subfield>
  </datafield>
  <datafield tag="700" ind1="1" ind2=" ">
    <subfield code="a">Godt, Christine,</subfield>
    <subfield code="d">1964-</subfield>
    <subfield code="9">1501</subfield>
  </datafield>
  <datafield tag="830" ind1=" " ind2="0">
    <subfield code="a">Schriftenreihe des Zentrums f&#xFC;r Europ&#xE4;ische Rechtspolitik an der Universit&#xE4;t Bremen, ZERP ;</subfield>
    <subfield code="v">Bd. 58</subfield>
    <subfield code="9">1502</subfield>
  </datafield>
  <datafield tag="942" ind1=" " ind2=" ">
    <subfield code="2">ddc</subfield>
    <subfield code="c">BK</subfield>
  </datafield>
  <datafield tag="999" ind1=" " ind2=" ">
    <subfield code="c">479958</subfield>
    <subfield code="d">479958</subfield>
  </datafield>
  <datafield tag="952" ind1=" " ind2=" ">
    <subfield code="0">0</subfield>
    <subfield code="1">0</subfield>
    <subfield code="2">ddc</subfield>
    <subfield code="4">0</subfield>
    <subfield code="7">0</subfield>
    <subfield code="8">NFIC</subfield>
    <subfield code="a">ASAB</subfield>
    <subfield code="b">ASAB</subfield>
    <subfield code="d">2016-01-26</subfield>
    <subfield code="l">2</subfield>
    <subfield code="o">362.19 HOF</subfield>
    <subfield code="p">ASAB1189</subfield>
    <subfield code="r">2018-01-03</subfield>
    <subfield code="s">2016-11-21</subfield>
    <subfield code="w">2016-01-26</subfield>
    <subfield code="y">BK</subfield>
  </datafield>
  <datafield tag="952" ind1=" " ind2=" ">
    <subfield code="0">0</subfield>
    <subfield code="1">0</subfield>
    <subfield code="2">ddc</subfield>
    <subfield code="4">0</subfield>
    <subfield code="7">0</subfield>
    <subfield code="8">NFIC</subfield>
    <subfield code="a">ASAB</subfield>
    <subfield code="b">ASAB</subfield>
    <subfield code="d">2016-01-26</subfield>
    <subfield code="l">0</subfield>
    <subfield code="o">362.19 HOF</subfield>
    <subfield code="p">ASAB1188</subfield>
    <subfield code="r">2016-01-26</subfield>
    <subfield code="w">2016-01-26</subfield>
    <subfield code="y">BK</subfield>
  </datafield>
  <datafield tag="952" ind1=" " ind2=" ">
    <subfield code="0">0</subfield>
    <subfield code="1">0</subfield>
    <subfield code="2">ddc</subfield>
    <subfield code="4">0</subfield>
    <subfield code="7">0</subfield>
    <subfield code="8">NFIC</subfield>
    <subfield code="a">ASAB</subfield>
    <subfield code="b">ASAB</subfield>
    <subfield code="d">2016-01-26</subfield>
    <subfield code="l">0</subfield>
    <subfield code="o">362.19 HOF</subfield>
    <subfield code="p">ASAB1187</subfield>
    <subfield code="r">2016-01-26</subfield>
    <subfield code="w">2016-01-26</subfield>
    <subfield code="y">BK</subfield>
  </datafield>
  <datafield tag="952" ind1=" " ind2=" ">
    <subfield code="0">0</subfield>
    <subfield code="1">0</subfield>
    <subfield code="2">ddc</subfield>
    <subfield code="4">0</subfield>
    <subfield code="7">0</subfield>
    <subfield code="8">NFIC</subfield>
    <subfield code="a">ASAB</subfield>
    <subfield code="b">ASAB</subfield>
    <subfield code="d">2016-01-26</subfield>
    <subfield code="l">0</subfield>
    <subfield code="o">362.19 HOF</subfield>
    <subfield code="p">ASAB1186</subfield>
    <subfield code="r">2016-01-26</subfield>
    <subfield code="w">2016-01-26</subfield>
    <subfield code="y">BK</subfield>
  </datafield>
  <datafield tag="952" ind1=" " ind2=" ">
    <subfield code="0">0</subfield>
    <subfield code="1">0</subfield>
    <subfield code="2">ddc</subfield>
    <subfield code="4">0</subfield>
    <subfield code="7">0</subfield>
    <subfield code="8">NFIC</subfield>
    <subfield code="a">ASAB</subfield>
    <subfield code="b">ASAB</subfield>
    <subfield code="d">2016-01-26</subfield>
    <subfield code="l">0</subfield>
    <subfield code="o">362.19 HOF</subfield>
    <subfield code="p">ASAB1185</subfield>
    <subfield code="r">2016-01-26</subfield>
    <subfield code="w">2016-01-26</subfield>
    <subfield code="y">BK</subfield>
  </datafield>
</record>
